[Event "Finland Team Ch"]
[Site "Helsinki FIN"]
[Date "2017.12.02"]
[Round "6"]
[White "Tuovinen, Jukka"]
[Black "Al Hajaj, Amjad"]
[Result "1-0"]
[Section "I Division:B"]
[Board "6"]
[WhiteTeam "Lauttasaaren Suomalainen Shakkikerho"]
[BlackTeam "Joensuun Shakkikerho"]
[WhiteElo "1991"]
[BlackElo "1878"]

1.e4 e5 2.Nf3 Nc6 3.d4 exd4 4.Nxd4 Bc5 5.Nxc6 Qf6 6.Qf3 Qxf3 7.gxf3 bxc6 8.Be3
Bb6 9.Nd2 d5 10.c3 f6 11.a4 Rb8 12.O-O-O Ne7 13.exd5 cxd5 14.b4 a5 15.Bxb6
cxb6 16.Bb5+ Kf7 17.bxa5 bxa5 18.Nb3 Ba6 19.Nd4 Bxb5 20.Nxb5 Rb6 21.Rd4 Rc8
22.Rhd1 Ke6 23.Re1+ Kf7 24.Kb2 Re6 25.Red1 Re2+ 26.Kb3 Ke6 27.Rxd5 Nxd5
28.Nd4+ Kd6 29.Nxe2 Kc5 30.Nd4 Rb8+ 31.Nb5 Nb6 32.c4 Re8 33.Nd6 Re2 34.Ne4+
Kc6 35.Rd6+ Kc7 36.Rd2 Rxd2 37.Nxd2 Nd7 38.Ne4 Ne5 39.f4 Ng6 40.f5 Nh4 41.Ng3
Kd6 42.Kc3 Nf3 43.h3 Ke5 44.Kd3 Ng5 45.h4 Nf3 46.h5 Ng5 47.Ke3 Nh3 48.f3 Nf4
49.c5 Nd5+ 50.Kd3 Kf4 51.Kd4 Nc7 52.Ne4 Kxf5 53.c6 Ke6 54.Kc5 Ke7 55.Kb6 Nd5+
56.Kxa5 f5 57.Nd2 Kd6 58.Kb5 Nc3+ 59.Kb6 Nxa4+ 60.Kb5 Nc3+ 61.Kb6 Nd5+ 62.Kb7
Ne7 63.c7 Kd5 64.Nb1 Kd6 65.Nc3 Kd7 66.Nd5 Nc8 67.f4 (67.Nb6+ Nxb6 68.Kxb6 Kc8
69.f4!) Nd6+ 68.Kb8 Kc6 69.Ne7+ Kd7 70.Nxf5 Nc8 71.Nxg7 Nd6 72.Nf5 1-0

[Event "Finland Team Ch"]
[Site "Helsinki FIN"]
[Date "2017.12.02"]
[Round "6"]
[White "Mustonen, Tapani"]
[Black "Aakio, Seppo"]
[Result "1-0"]
[Section "I Division:B"]
[Board "7"]
[WhiteTeam "Joensuun Shakkikerho"]
[BlackTeam "Lauttasaaren Suomalainen Shakkikerho"]
[WhiteElo "1969"]
[BlackElo "1986"]

1.d4 d6 2.g3 c6 3.Bg2 Nd7 4.Nf3 e5 5.e4 Be7 6.b3 Ngf6 7.Nbd2 O-O 8.O-O b5
9.Bb2 Qc7 10.Re1 Re8 11.c4 exd4 12.Nxd4 bxc4 13.Nxc4 Ne5 14.Rc1 Bd7 15.Nb5
cxb5 16.Nxe5 Qb6 17.Nxd7 Nxd7 18.Bxg7 Ne5 19.Bxe5 dxe5 20.Bh3 Bc5 21.Rc2 Rad8
22.Qg4+ Kh8 23.Qh5 f6 24.Rec1 Bd6 25.Rc6 Qb8 26.Bf5 1-0

[Event "Finland Team Ch"]
[Site "Helsinki FIN"]
[Date "2017.12.02"]
[Round "6"]
[White "Nyrhinen, Harri"]
[Black "Heliövaara, Simo"]
[Result "0-1"]
[Section "I Division:B"]
[Board "8"]
[WhiteTeam "Lauttasaaren Suomalainen Shakkikerho"]
[BlackTeam "Joensuun Shakkikerho"]
[WhiteElo "1979"]
[BlackElo "1538"]

1.e4 e5 2.Nc3 Bc5 3.Nf3 Nc6 4.Bc4 Nf6 5.d3 h6 6.O-O d6 7.h3 O-O 8.Na4 Bb6
9.Nxb6 axb6 10.a3 Be6 11.Bxe6 fxe6 12.Re1 Qe8 13.c3 Rd8 14.Qc2 Rd7 15.d4 exd4
16.cxd4 Qg6 17.Re2 Nh5 18.e5 Qxc2 19.Rxc2 dxe5 20.Bd2 Rxf3 21.Rxc6 bxc6
22.gxf3 exd4 23.Rc1 c5 24.b4 cxb4 25.axb4 g5 26.Kh2 Kf7 27.h4 Nf4 28.hxg5 hxg5
29.Rc4 Kf6 30.Kg3 Kf5 31.Rc6 Rh7 32.Bxf4 gxf4+ 33.Kg2 Rd7 34.Kf1 Ke5 35.Ke2
Kd5 36.b5 Re7 37.Kd3 e5 38.Rc1 c5 39.bxc6 Rc7 40.Rb1 Rxc6 41.Rb5+ Rc5 42.Rxb6
Rc3+ 43.Ke2 Rc2+ 44.Ke1 Kc4 45.Ra6 Kd3 46.Ra3+ Rc3 47.Ra1 Kc2 48.Ra2+ Kc1
49.Ra1+ Kb2 50.Ra5 Rxf3 51.Rxe5 Kc3 52.Ra5 Kd3 53.Ra3+ Ke4 54.Ra8 Rb3 55.Ra4
Kd3 56.Ra1 f3 57.Rd1+ Kc2 58.Rd2+ Kc3 59.Rd1 Rb2 60.Rc1+ Rc2 61.Ra1 Re2+
62.Kf1 d3 63.Ra3+ Kc2 64.Ra2+ Kb3 65.Ra1 d2 0-1

[Event "Finland Team Ch"]
[Site "Helsinki FIN"]
[Date "2017.12.02"]
[Round "3"]
[White "Kumpulainen, Jari"]
[Black "Kivinen, Jyrki"]
[Result "1/2-1/2"]
[Section "II Division:2"]
[Board "1"]
[WhiteTeam "Hyvinkään Shakkikerho"]
[BlackTeam "Lauttasaaren Suomalainen Shakkikerho 2"]
[WhiteElo "1985"]
[BlackElo "1997"]

1.e4 c5 2.c3 d5 3.exd5 Qxd5 4.Nf3 Nc6 5.d4 Bg4 6.Be2 e6 7.O-O Nf6 8.Re1 cxd4
9.cxd4 Bb4 10.Nc3 Qa5 11.Bd2 O-O 12.a3 Be7 13.b4 Qd8 14.Be3 a6 15.Rc1 Rc8
16.h3 Bh5 17.Qd2 Bg6 18.Red1 Ne4 19.Nxe4 Bxe4 20.Bf4 Bf6 21.Ne5 Bxe5 22.Bxe5
Nxe5 23.Rxc8 Qxc8 24.dxe5 Qc6 25.Bf1 g6 26.Rc1 Qb6 27.Qf4 Bc6 28.h4 Rd8 29.Kh2
Rd4 30.Qf6 Qd8 31.Qxd8+ Rxd8 32.Rc3 Rd1 33.Be2 Rd2 34.Re3 Kf8 35.Kg3 Ke7
1/2-1/2

[Event "Finland Team Ch"]
[Site "Helsinki FIN"]
[Date "2017.12.02"]
[Round "3"]
[White "Sobenin, Evgeny"]
[Black "Piho, Juha"]
[Result "1-0"]
[Section "II Division:2"]
[Board "2"]
[WhiteTeam "Lauttasaaren Suomalainen Shakkikerho 2"]
[BlackTeam "Hyvinkään Shakkikerho"]
[WhiteElo "1963"]
[BlackElo "1979"]

1.d4 Nf6 2.Nf3 g6 3.c4 Bg7 4.Nc3 O-O 5.e4 d6 6.Be2 e5 7.Bg5 Qe8 8.d5 a6 9.Qd2
Nbd7 10.Bh6 Bh8 11.Bxf8 Qxf8 12.O-O Nh5 13.Ng5 Nf4 14.g3 Nxe2+ 15.Qxe2 h6
16.Nh3 Nf6 17.Kg2 g5 18.b4 Kh7 19.Rac1 Qg7 20.Ng1 Qg6 21.c5 Bd7 22.Qe3 Ng4
23.Qe2 f5 24.h3 Nf6 25.f3 Nh5 26.exf5 Bxf5 27.Ne4 Rg8 28.cxd6 cxd6 29.Rc7+ Bg7
30.Kh2 Nf6 31.Nxf6+ Qxf6 32.Rfc1 b5 33.Ra7 Qg6 34.Rcc7 Bd3 35.Qd2 Kh8 36.Ne2
e4 37.Nd4 Bxd4 38.Rh7+ Qxh7 39.Rxh7+ Kxh7 40.fxe4 Bxe4 41.Qxd4 Re8 42.Qa7+ Kg8
43.Qd7 Bg6 44.Qxd6 Bf7 45.Qxh6 Re2+ 46.Kg1 Rxa2 47.Qxg5+ Kf8 48.d6 Ra1+ 49.Kf2
Rd1 50.Qe7+ 1-0

[Event "Finland Team Ch"]
[Site "Helsinki FIN"]
[Date "2017.12.02"]
[Round "3"]
[White "Salmi, Ilkka"]
[Black "Vesely, Petr"]
[Result "0-1"]
[Section "II Division:2"]
[Board "3"]
[WhiteTeam "Hyvinkään Shakkikerho"]
[BlackTeam "Lauttasaaren Suomalainen Shakkikerho 2"]
[WhiteElo "1891"]
[BlackElo "1957"]

1.c4 c5 2.Nc3 Nc6 3.g3 g6 4.Bg2 Bg7 5.d3 e6 6.e4 Nge7 7.Nge2 O-O 8.O-O b6 9.a3
Bb7 10.Rb1 Nd4 11.Be3 Nxe2+ 12.Qxe2 d6 13.Qd2 d5 14.exd5 exd5 15.Bf4 Qd7
16.Rbd1 Bc6 17.Bh6 Bxh6 18.Qxh6 Nf5 19.Qg5 dxc4 20.dxc4 Nd4 21.Nd5 Bxd5
22.Bxd5 Rae8 23.Kg2 Re2 24.Rd2 Rfe8 25.Rfd1 Qf5 26.Qxf5 Nxf5 27.Kf1 Rxd2
28.Rxd2 Kf8 29.b4 Rd8 30.bxc5 bxc5 31.Rb2 Ne7 32.Bf3 Rd7 33.Rb5 Rc7 34.g4 Nc8
35.Rb8 Ke7 36.Ke2 Nb6 37.Kd3 Nd7 38.Rh8 Ne5+ 39.Ke2 Nxc4 40.Rxh7 Nxa3 41.h4
Nb5 42.Kd2 c4 43.h5 gxh5 44.Rxh5 c3+ 45.Kc1 Nd4 46.Be4 c2 47.Re5+ Kf6 48.Rf5+
Kg7 49.Rg5+ Kf8 50.Bxc2 Rxc2+ 51.Kd1 Rxf2 52.Ra5 Rf1+ 0-1

[Event "Finland Team Ch"]
[Site "Helsinki FIN"]
[Date "2017.12.02"]
[Round "3"]
[White "Lehtinen, Tero"]
[Black "Tonteri, Ari"]
[Result "1-0"]
[Section "II Division:2"]
[Board "4"]
[WhiteTeam "Lauttasaaren Suomalainen Shakkikerho 2"]
[BlackTeam "Hyvinkään Shakkikerho"]
[WhiteElo "1859"]
[BlackElo "1901"]

1.d4 Nf6 2.Bf4 d5 3.e3 c5 4.c3 Nc6 5.Bd3 Qb6 6.Nd2 Qxb2 7.Ne2 c4 8.Bc2 e6 9.h3
Be7 10.O-O O-O 11.g4 h6 12.e4 Nxe4 13.Bxe4 dxe4 14.Nxc4 Qb5 15.Nd2 Qd3 16.f3
e5 17.dxe5 Bc5+ 18.Kh2 exf3 19.Rxf3 Qd5 20.Qb3 Be6 21.c4 Qd7 22.Ne4 Bd4 23.Rd1
Rad8 24.Rfd3 Bxg4 25.hxg4 Qxg4 26.Nf6+ gxf6 27.Rg3 h5 28.Rxg4+ hxg4 29.Nxd4
Nxd4 30.Qb1 fxe5 31.Bh6 Rfe8 32.Kg2 Rd7 33.Be3 Red8 34.Bxd4 exd4 35.Qf5 Rd6
36.Qg5+ Kf8 37.Rh1 f6 38.Rh8+ Kf7 39.Rh7+ Ke6 40.Qxg4+ f5 41.Qe2+ Kf6 42.Qe7+
1-0

[Event "Finland Team Ch"]
[Site "Helsinki FIN"]
[Date "2017.12.02"]
[Round "3"]
[White "Pukkinen, Seppo"]
[Black "Kumar, Ashwin"]
[Result "1-0"]
[Section "II Division:2"]
[Board "5"]
[WhiteTeam "Hyvinkään Shakkikerho"]
[BlackTeam "Lauttasaaren Suomalainen Shakkikerho 2"]
[WhiteElo "1877"]
[BlackElo "1874"]

1.e4 Nc6 2.Nf3 d6 3.Bb5 Nf6 4.d3 a6 5.Ba4 b5 6.Bb3 Na5 7.c3 Nxb3 8.Qxb3 Bb7
9.Nbd2 e6 10.Nf1 Be7 11.Ng3 c5 12.Qc2 Rc8 13.Qe2 a5 14.O-O O-O 15.Re1 b4
16.Bd2 Re8 17.h3 Bf8 18.Nh2 d5 19.e5 Nd7 20.Nf3 a4 21.Rac1 a3 22.b3 bxc3
23.Bxc3 Ba6 24.Qd1 Rc6 25.Bd2 Qc8 26.Qc2 Bb5 27.Bf4 Qa6 28.Red1 Rec8 29.Qd2
Nb6 30.Ne2 d4 31.Ne1 Nd5 32.Bg3 g6 33.Nc2 Bg7 34.Ra1 f6 35.f4 fxe5 36.fxe5 Bf8
37.Rdc1 Bxd3 38.Ncxd4 cxd4 39.Rxc6 Rxc6 40.Nxd4 Bb4 41.Qg5 Rc8 42.Bf2 Bc5
43.Rc1 Be7 44.Qd2 Bf5 45.Nf3 Rxc1+ 46.Qxc1 Nb4 47.Qc7 Kf8 48.Bc5 Nd5 49.Bxe7+
Nxe7 50.Qd8+ Kg7 51.Qxe7+ Kh6 52.Qf8+ Kh5 53.Qb4 Qa7+ 54.Kh2 Kh6 55.Qh4+ Kg7
56.g4 Be4 57.Ng5 Qb7 58.Nxe6+ Kf7 59.Qf6+ Ke8 60.Qf8+ 1-0

[Event "Finland Team Ch"]
[Site "Helsinki FIN"]
[Date "2018.01.13"]
[Round "7"]
[White "Chernyak, Viktoria"]
[Black "Havansi, Erkki"]
[Result "1/2-1/2"]
[Section "I Division:B"]
[Board "1"]
[WhiteTeam "Espoon Shakkikerho"]
[BlackTeam "Lauttasaaren Suomalainen Shakkikerho"]
[WhiteElo "2190"]
[BlackElo "2177"]

1.c4 Nf6 2.Nf3 e6 3.g3 b6 4.Bg2 Bb7 5.O-O c5 6.Nc3 Be7 7.b3 O-O 8.Bb2 a6 9.e3
Qc7 10.Rc1 d5 11.Qe2 Nbd7 12.Rfd1 Rac8 13.d3 Rfe8 14.cxd5 exd5 15.e4 Bf8
16.Nh4 b5 17.Qc2 dxe4 18.dxe4 c4 19.Nd5 Bxd5 20.exd5 Qa5 21.Bc3 cxb3 22.Qxb3
Qa3 23.Nf5 Qxb3 24.axb3 Ba3 25.Ra1 Rxc3 26.Rxa3 Nc5 27.Rb1 b4 28.Ra2 g6 29.Nd4
Rd3 30.Nc6 a5 31.Nxa5 Nxd5 32.Bxd5 Rxd5 1/2-1/2

[Event "Finland Team Ch"]
[Site "Helsinki FIN"]
[Date "2018.01.13"]
[Round "7"]
[White "Saren, Ilkka"]
[Black "Munukka, Timo"]
[Result "1/2-1/2"]
[Section "I Division:B"]
[Board "2"]
[WhiteTeam "Lauttasaaren Suomalainen Shakkikerho"]
[BlackTeam "Espoon Shakkikerho"]
[WhiteElo "2076"]
[BlackElo "1904"]

1.e4 c5 2.Nf3 d6 3.d4 cxd4 4.Nxd4 Nf6 5.Nc3 e6 6.Be2 Nc6 7.Be3 Be7 8.O-O O-O
9.Kh1 a6 10.a4 Qc7 11.f4 Bd7 12.Nb3 1/2-1/2

[Event "Finland Team Ch"]
[Site "Helsinki FIN"]
[Date "2018.01.13"]
[Round "7"]
[White "Salmenkivi, Eero"]
[Black "Heikkinen, Jyrki"]
[Result "1-0"]
[Section "I Division:B"]
[Board "3"]
[WhiteTeam "Espoon Shakkikerho"]
[BlackTeam "Lauttasaaren Suomalainen Shakkikerho"]
[WhiteElo "1971"]
[BlackElo "2062"]

1.e4 d5 2.exd5 Nf6 3.d4 Bg4 4.f3 Bf5 5.Bb5+ c6 6.dxc6 Nxc6 7.c3 e6 8.Ne2 Qb6
9.Bd3 Bg6 10.Bxg6 hxg6 11.Nd2 Qc7 12.g3 O-O-O 13.f4 Ng4 14.Nf3 Be7 15.Bd2 Rh5
16.Nc1 Qb6 17.Nd3 Rdh8 18.h4 Ra5 19.b4 Rd5 20.a4 f6 21.Qe2 e5 22.Qe4 Qd8
23.Qxg6 Qd7 24.b5 Na5 25.fxe5 Nc4 26.Bf4 Rd8 27.Qe4 fxe5 28.Ndxe5 Qe6 29.O-O
Ncxe5 30.Nxe5 g5 31.hxg5 Rh8 32.Rae1 Nh2 33.Rf2 Qh3 34.Qg2 Qh7 35.Qxh2 Qg7
36.Qg2 Rdd8 37.Qf3 1-0

[Event "Finland Team Ch"]
[Site "Helsinki FIN"]
[Date "2018.01.13"]
[Round "7"]
[White "Kauppala, Pekka"]
[Black "Raivio, Pertti"]
[Result "1-0"]
[Section "I Division:B"]
[Board "4"]
[WhiteTeam "Lauttasaaren Suomalainen Shakkikerho"]
[BlackTeam "Espoon Shakkikerho"]
[WhiteElo "2028"]
[BlackElo "1914"]

1.e4 c5 2.Nf3 d6 3.d4 cxd4 4.Qxd4 Nc6 5.Bb5 Bd7 6.Bxc6 Bxc6 7.Nc3 e5 8.Qc4 Nf6
9.Bg5 Be7 10.O-O-O Qb6 11.Bxf6 gxf6 12.Nh4 Qxf2 13.Nf5 Qc5 14.Qd3 Rd8 15.Qh3
Bd7 16.Ng7+ Kf8 17.Qh6 Rc8 18.Ne6+ Ke8 19.Nxc5 1-0

[Event "Finland Team Ch"]
[Site "Helsinki FIN"]
[Date "2018.01.13"]
[Round "7"]
[White "Alho, Olli"]
[Black "Tuovinen, Jukka"]
[Result "0-1"]
[Section "I Division:B"]
[Board "5"]
[WhiteTeam "Espoon Shakkikerho"]
[BlackTeam "Lauttasaaren Suomalainen Shakkikerho"]
[WhiteElo "1811"]
[BlackElo "1986"]

1.e4 e5 2.Nf3 Nc6 3.Bb5 a6 4.Ba4 d6 5.O-O Bd7 6.c3 Nge7 7.Re1 Ng6 8.h3 Be7
9.d4 h6 10.dxe5 dxe5 11.Be3 O-O 12.Nbd2 b5 13.Bb3 Na5 14.Bc2 c5 15.b3 Qc7
16.Nf1 Rfd8 17.Qe2 c4 18.b4 Nb7 19.Ng3 a5 20.a3 axb4 21.axb4 Nd6 22.Nf5 Bf8
23.N3h4 Nxh4 24.Nxh4 Be7 25.Nf5 Nxf5 26.exf5 Bf6 27.Qg4 Kh7 28.Be4 Bc6 29.Rxa8
Rxa8 30.Bc5 Qb7 31.Re3 Bxe4 32.Rxe4 Ra1+ 33.Kh2 Ra3 34.Bf8 Qc8 35.Bc5 Rxc3
36.Qh5 Qd7 37.Re1 Rd3 38.g4 g6 0-1

[Event "Finland Team Ch"]
[Site "Helsinki FIN"]
[Date "2018.01.13"]
[Round "7"]
[White "Aakio, Seppo"]
[Black "Järnefelt, Wilhelm"]
[Result "1-0"]
[Section "I Division:B"]
[Board "6"]
[WhiteTeam "Lauttasaaren Suomalainen Shakkikerho"]
[BlackTeam "Espoon Shakkikerho"]
[WhiteElo "1973"]
[BlackElo "1770"]

1.e4 e5 2.Nf3 Nc6 3.d4 exd4 4.c3 d5 5.exd5 Qxd5 6.Be2 Bg4 7.cxd4 O-O-O 8.Nc3
Bb4 9.O-O Bxc3 10.bxc3 Nf6 11.h3 Bh5 12.Be3 Ne4 13.Qc2 Rhe8 14.c4 Qd6 15.Rfe1
f5 16.d5 f4 17.Bxf4 Qxf4 18.dxc6 Bxf3 19.Bxf3 Qd2 20.Bxe4 1-0

[Event "Finland Team Ch"]
[Site "Helsinki FIN"]
[Date "2018.01.13"]
[Round "7"]
[White "Pitkänen, Ilkka"]
[Black "Nyrhinen, Harri"]
[Result "0-1"]
[Section "I Division:B"]
[Board "7"]
[WhiteTeam "Espoon Shakkikerho"]
[BlackTeam "Lauttasaaren Suomalainen Shakkikerho"]
[WhiteElo "1763"]
[BlackElo "1956"]

1.e4 c6 2.d4 d5 3.Nc3 dxe4 4.Nxe4 Nd7 5.Nf3 Ngf6 6.Bd3 Nxe4 7.Bxe4 Nf6 8.Bd3
Bg4 9.c3 Qc7 10.O-O e6 11.Re1 Bd6 12.h3 Bh5 13.Bc2 O-O-O 14.a4 h6 15.g4 Nxg4
16.hxg4 Bxg4 17.Re4 h5 18.Kg2 g5 19.Bxg5 Rdg8 20.Qd2 Bf5 21.Kf1 Bxe4 22.Bxe4
h4 23.Bxh4 Rxh4 24.Nxh4 Rg4 25.Ng2 Rxe4 26.Ne3 Rh4 27.Ke2 Qa5 28.Nc4 Qh5+
29.Kd3 Qg6+ 30.Ke2 Re4+ 31.Ne3 Bf4 32.Re1 Qh5+ 33.Kd3 Qg6 34.Ke2 Qg5 35.Kd1
Kd7 36.Qd3 f5 37.b4 Qh5+ 38.Re2 Qf3 39.b5 Bxe3 40.fxe3 Qf1+ 41.Kd2 Qa1
42.bxc6+ bxc6 43.Qc2 Qa3 44.Rh2 Rg4 45.Rh7+ Kd6 46.Kd3 Qa1 47.Qh2+ f4 48.Qc2
Rg3 49.Ke4 Qg1 50.Kd3 Qf1+ 0-1

[Event "Finland Team Ch"]
[Site "Helsinki FIN"]
[Date "2018.01.13"]
[Round "7"]
[White "Kivinen, Jyrki"]
[Black "Tiensuu, Seppo"]
[Result "1-0"]
[Section "I Division:B"]
[Board "8"]
[WhiteTeam "Lauttasaaren Suomalainen Shakkikerho"]
[BlackTeam "Espoon Shakkikerho"]
[WhiteElo "1997"]
[BlackElo "1452"]

1.e4 c5 2.Nf3 d6 3.d4 cxd4 4.Nxd4 Nc6 5.Nc3 Nf6 6.Bg5 e6 7.f4 Be7 8.Qd2 Qb6
9.Nxc6 bxc6 10.e5 Nd5 11.Bxe7 Qe3+ 12.Qxe3 Nxe3 13.Bxd6 Nxc2+ 14.Kd2 Nxa1
15.Bc4 f6 16.Rxa1 Kf7 17.Ne4 h6 18.Nc5 f5 19.Be2 h5 20.Bf3 a5 21.Bxc6 Ra7
22.Rc1 Rd8 23.Ke3 h4 24.Rc4 g6 25.Ra4 Rg8 26.Bb8 Re7 27.Rxa5 g5 28.fxg5 Rxg5
29.Bd6 Rxg2 30.Bxg2 1-0

[Event "Finland Team Ch"]
[Site "Espoo FIN"]
[Date "2018.01.13"]
[Round "5"]
[White "Pystynen, Jarmo"]
[Black "Toikkanen, Vesa"]
[Result "1/2-1/2"]
[Section "II Division:2"]
[Board "1"]
[WhiteTeam "Lauttasaaren Suomalainen Shakkikerho 2"]
[BlackTeam "Matinkylän Shakkikerho 3"]
[WhiteElo "1970"]
[BlackElo "2117"]

1.d4 Nf6 2.Nf3 d6 3.Bg5 Nbd7 4.e3 e5 5.Nc3 Be7 6.Bc4 e4 7.Nd2 d5 8.Bb3 c6
9.O-O h6 10.Bh4 g5 11.Bg3 h5 12.f3 c5 13.fxe4 cxd4 14.exd4 h4 15.Bf2 Nb6
16.exd5 Bg4 17.Qe1 Qd7 18.d6 Qxd6 19.Nce4 Nxe4 20.Nxe4 Qg6 21.Nc5 Kf8 22.Nd3
f6 23.Be3 Kg7 24.Qd2 Bd6 25.a4 h3 26.g3 Bxg3 27.a5 Nd7 28.Bd5 Bh4 29.a6 Nb6
30.axb7 Nxd5 31.bxa8=Q Rxa8 32.c4 Bf5 33.Ra3 Nxe3 34.Qxe3 Re8 35.Qf3 Be4
36.Qxh3 f5 37.Rfa1 Qd6 38.Nf2 Bxf2+ 39.Kxf2 Qxd4+ 40.Qe3 Qxb2+ 41.Qe2 Qd4+
42.Qe3 Qb2+ 43.Qe2 Qd4+ 44.Qe3 1/2-1/2

[Event "Finland Team Ch"]
[Site "Espoo FIN"]
[Date "2018.01.13"]
[Round "5"]
[White "Tolonen, Mikko"]
[Black "Sobenin, Evgeny"]
[Result "1-0"]
[Section "II Division:2"]
[Board "2"]
[WhiteTeam "Matinkylän Shakkikerho 3"]
[BlackTeam "Lauttasaaren Suomalainen Shakkikerho 2"]
[WhiteElo "2115"]
[BlackElo "1968"]

1.e4 d6 2.d4 g6 3.Nc3 Bg7 4.Be3 Nd7 5.Nf3 e5 6.Bc4 Nb6 7.Bb3 exd4 8.Bxd4 Nf6
9.a4 O-O 10.a5 Nbd7 11.O-O Nc5 12.Bxc5 dxc5 13.Qxd8 Rxd8 14.Ng5 Ng4 15.Nxf7
Rd2 16.Ne5+ Kf8 17.Nf3 Rd8 18.Rad1 Rxd1 19.Rxd1 Bxc3 20.bxc3 Ke7 21.h3 Nf6
22.e5 Ne4 23.Rd3 h6 24.Bd5 Ng5 25.Nxg5 hxg5 26.a6 Rb8 27.axb7 Bxb7 28.c4 Bc8
29.Ra3 a6 30.Ra5 g4 31.hxg4 Bxg4 32.Rxa6 Bf5 33.Rc6 Kd7 34.Rxc5 Rb2 35.Rc6
Rxc2 36.e6+ Kd8 37.f3 Re2 38.Kh2 g5 39.Kg3 Re1 40.Kf2 Re5 41.g3 Bd3 42.f4 gxf4
43.gxf4 Re2+ 44.Kf3 Re1 45.Kg3 Rg1+ 46.Kf2 Rf1+ 47.Ke3 Bf5 48.e7+ Kxe7
49.Rxc7+ Kd6 50.Rc6+ Ke7 51.Rb6 Bd7 52.Ke4 Re1+ 53.Kd4 Rf1 54.Ke5 Re1+ 55.Be4
Rc1 56.Rb4 Be6 57.Rb7+ Bd7 58.Bf5 Re1+ 59.Kd5 Rd1+ 60.Kc5 1-0

[Event "Finland Team Ch"]
[Site "Espoo FIN"]
[Date "2018.01.13"]
[Round "5"]
[White "Vesely, Petr"]
[Black "Salimäki, Janne"]
[Result "0-1"]
[Section "II Division:2"]
[Board "3"]
[WhiteTeam "Lauttasaaren Suomalainen Shakkikerho 2"]
[BlackTeam "Matinkylän Shakkikerho 3"]
[WhiteElo "1961"]
[BlackElo "2141"]

1.c4 c5 2.Nc3 g6 3.g3 Bg7 4.Bg2 Nc6 5.e3 e5 6.Nge2 Nge7 7.b3 d6 8.d3 O-O 9.O-O
Be6 10.e4 f5 11.f3 f4 12.g4 g5 13.Bd2 Ng6 14.Nd5 Rb8 15.h3 b5 16.Kf2 Nd4
17.Nec3 a6 18.Ne2 Rf7 19.Nxd4 exd4 20.Qc2 Ne5 21.Ke2 bxc4 22.bxc4 Bxd5 23.exd5
Qe8 24.Kf2 Rb2 25.Qd1 Nxg4+ 26.Kg1 Ne3 27.Re1 Re7 28.Qe2 Bf6 29.Qf2 Qg6 30.Bf1
Nxf1 31.Rxe7 Bxe7 32.Qxf1 Rxd2 33.Qe1 Qxd3 34.Qxe7 Qe3+ 35.Qxe3 fxe3 36.Rb1
Rxa2 37.Rb6 d3 0-1

[Event "Finland Team Ch"]
[Site "Espoo FIN"]
[Date "2018.01.13"]
[Round "5"]
[White "Rauramaa, Julius"]
[Black "Lehtinen, Tero"]
[Result "1-0"]
[Section "II Division:2"]
[Board "4"]
[WhiteTeam "Matinkylän Shakkikerho 3"]
[BlackTeam "Lauttasaaren Suomalainen Shakkikerho 2"]
[WhiteElo "2025"]
[BlackElo "1881"]

1.e4 d6 2.d4 Nd7 3.Nc3 c6 4.Nf3 e5 5.Bc4 Be7 6.O-O Qc7 7.h3 h6 8.a4 a5 9.Ne2
Ngf6 10.Ng3 g6 11.dxe5 dxe5 12.c3 Nb6 13.Bb3 Bd7 14.Qe2 c5 15.Be3 Be6 16.Bxe6
fxe6 17.Nh4 g5 18.Ng6 Rg8 19.Qb5+ Nbd7 20.Nxe7 Kxe7 21.Rad1 h5 22.f3 h4 23.Ne2
Rg7 24.b4 b6 25.bxc5 bxc5 26.Rb1 Ra7 27.Qc4 Ne8 28.Rb5 Kf6 29.f4 gxf4 30.Nxf4
exf4 31.Bxf4 e5 32.Bxe5+ 1-0

[Event "Finland Team Ch"]
[Site "Espoo FIN"]
[Date "2018.01.13"]
[Round "5"]
[White "Kumar, Ashwin"]
[Black "Aalto, Patrik"]
[Result "1-0"]
[Section "II Division:2"]
[Board "5"]
[WhiteTeam "Lauttasaaren Suomalainen Shakkikerho 2"]
[BlackTeam "Matinkylän Shakkikerho 3"]
[WhiteElo "1880"]
[BlackElo "1883"]

1.d4 Nf6 2.c4 c5 3.d5 e6 4.Nc3 exd5 5.cxd5 d6 6.Nf3 g6 7.Bf4 Nh5 8.Bg5 Be7
9.Bh6 Bf6 10.e3 Qa5 11.Qd2 Be7 12.Be2 Bd7 13.O-O Na6 14.Rfd1 Rg8 15.e4 f6
16.Ne1 Ng7 17.Bf4 O-O-O 18.a3 g5 19.Be3 f5 20.b4 Qb6 21.f3 Bf6 22.Bxa6 Qxa6
23.bxc5 Kb8 24.cxd6 Rc8 25.Bd4 Qxd6 26.Ne2 fxe4 27.fxe4 Bg4 28.Nf3 Bxf3
29.gxf3 Nh5 30.Rab1 Qxa3 31.Bxf6 Qxf3 32.Be5+ Ka8 33.Qd3 Qg4+ 34.Kh1 Rgd8 1-0

[Event "Finland Team Ch"]
[Site "Lahti FIN"]
[Date "2018.02.03"]
[Round "8"]
[White "Havansi, Erkki"]
[Black "Äijälä, Jouko"]
[Result "0-1"]
[Section "I Division:B"]
[Board "1"]
[WhiteTeam "Lauttasaaren Suomalainen Shakkikerho"]
[BlackTeam "Lahden Shakki"]
[WhiteElo "2178"]
[BlackElo "2052"]

1.Nf3 d5 2.c4 d4 3.e3 c5 4.b4 dxe3 5.fxe3 cxb4 6.d4 e6 7.Bd3 Nc6 8.Bb2 f5 9.e4
fxe4 10.Bxe4 Nf6 11.Bc2 Bd6 12.O-O O-O 13.Kh1 Qc7 14.Qe1 Bd7 15.Qh4 h6 16.Nbd2
Ne7 17.Rae1 b5 18.Bd3 bxc4 19.Nxc4 Ned5 20.Nfe5 Nh7 21.Bc1 Rxf1+ 22.Rxf1 Rf8
23.Re1 Bc8 24.Bd2 Ba6 25.Rc1 Bxe5 26.dxe5 Bxc4 27.Bxc4 Qxe5 28.Bxd5 Qxd5
29.Bxb4 Rd8 30.Qf2 Nf6 31.Qxa7 Ra8 32.Qc5 Rxa2 33.Qxd5 Nxd5 34.Bc5 Nf4 35.g3
Nd3 36.Rc3 Nxc5 37.Rxc5 Kf7 38.Kg1 Kf6 39.h3 g6 40.Kf1 Rd2 41.Ra5 Rh2 42.h4 h5
43.Rg5 e5 44.Kg1 Rd2 45.g4 hxg4 46.Rxg4 Rd4 47.Rg3 Rxh4 48.Kf2 Kf5 49.Ra3 g5
50.Ra8 Rb4 51.Rf8+ Kg4 52.Re8 Rf4+ 53.Ke3 Kf5 54.Rf8+ Ke6 55.Re8+ Kd6 56.Rd8+
Ke7 57.Ra8 Rd4 58.Rg8 g4 59.Rg6 Kf7 60.Rg5 Kf6 61.Rg8 Ra4 62.Rf8+ Kg5 63.Re8
e4 64.Rh8 g3 65.Rh7 Kg4 66.Rh8 g2 67.Kf2 Ra2+ 68.Kg1 Kf3 69.Rh3+ Ke2 70.Rg3
Ke1 71.Rb3 Rd2 72.Re3+ Re2 73.Ra3 Kd2 74.Ra2+ Ke3 75.Ra3+ Kf4 76.Rg3 Re1+
77.Kxg2 Rg1+ 0-1

[Event "Finland Team Ch"]
[Site "Lahti FIN"]
[Date "2018.02.03"]
[Round "8"]
[White "Sipilä, Markku"]
[Black "Saren, Ilkka"]
[Result "1/2-1/2"]
[Section "I Division:B"]
[Board "2"]
[WhiteTeam "Lahden Shakki"]
[BlackTeam "Lauttasaaren Suomalainen Shakkikerho"]
[WhiteElo "2071"]
[BlackElo "2072"]

1.d4 Nf6 2.c4 e6 3.Nc3 Bb4 4.e3 c5 5.Nge2 d5 6.a3 cxd4 7.exd4 Be7 8.c5 b6
9.cxb6 axb6 10.Nf4 O-O 11.Be2 Ba6 12.O-O Bxe2 13.Qxe2 Nc6 14.Rd1 Na5 15.Be3
Nc4 16.Nd3 Nd7 17.f4 g6 18.Ne5 Rc8 19.Bf2 Re8 20.Rac1 Bf8 21.Nb5 Ncxe5 22.fxe5
Rxc1 23.Rxc1 Qb8 24.Rc6 Be7 25.Qc2 Rd8 26.Rc7 Qa8 27.Ra7 Qc8 28.Qxc8 Rxc8
29.Be1 Rd8 30.a4 Bg5 31.Rb7 f6 32.a5 Be3+ 33.Kf1 bxa5 34.Bxa5 Rb8 35.Rxb8+
Nxb8 36.exf6 Nc6 37.Bc3 Kf7 38.Ke2 Bg1 39.h3 Kxf6 40.Kd3 Bh2 41.Na3 Bd6
1/2-1/2

[Event "Finland Team Ch"]
[Site "Lahti FIN"]
[Date "2018.02.03"]
[Round "8"]
[White "Heikkinen, Jyrki"]
[Black "Hagelberg, Lauri"]
[Result "1/2-1/2"]
[Section "I Division:B"]
[Board "3"]
[WhiteTeam "Lauttasaaren Suomalainen Shakkikerho"]
[BlackTeam "Lahden Shakki"]
[WhiteElo "2050"]
[BlackElo "2053"]

1.d4 Nf6 2.f3 d5 3.e4 dxe4 4.Nc3 exf3 5.Nxf3 c6 6.Bc4 Bf5 7.Ne5 e6 8.O-O Bg6
9.Be3 Bd6 10.Qf3 Qc7 11.Rae1 (11.Bh6!?) O-O 12.Nxg6 hxg6 13.Qh3 b5 14.Rxf6
gxf6 15.Ne4 Qe7 (15...bxc4?? 16.Nxf6+ Kg7 17.Bh6+ Kxf6 18.Qh4+ Kf5 19.g4#)
16.Rf1 Nd7 17.Nxf6+?? (17.Rf3 bxc4 18.Qh6 f5 19.Rh3 f6 20.Nxd6 {=}) Qxf6?
(17...Nxf6 18.Bg5 Be5 {-+}) 18.Rxf6 Nxf6 19.Bd3 Rfe8 20.Qh4 Nd5 21.Bd2 Rad8
22.Be4 Be7 23.Qg3 Bd6 24.Qf2 Be7 25.h4 Kg7 26.h5 (26.Bh6+!? Kxh6 27.Qxf7 Rg8
28.Bxd5) f5?? 27.Bxd5 exd5 28.Qg3 Rd6 29.Bf4? (29.Qe5+ Kf7 30.h6 {+-}) Re6
30.Be5+ Kf7 31.hxg6+ Rxg6 32.Qh3 Ke6 33.Kf1 Reg8 34.Qe3 Kd7 35.Qf3 Ke6 36.Qe3
Kd7 37.Qf3 Ke6 38.Qe3 1/2-1/2

[Event "Finland Team Ch"]
[Site "Lahti FIN"]
[Date "2018.02.03"]
[Round "8"]
[White "Tuominen, Joona"]
[Black "Kauppala, Pekka"]
[Result "1-0"]
[Section "I Division:B"]
[Board "4"]
[WhiteTeam "Lahden Shakki"]
[BlackTeam "Lauttasaaren Suomalainen Shakkikerho"]
[WhiteElo "2000"]
[BlackElo "2050"]

1.Nf3 d5 2.c4 dxc4 3.e3 Be6 4.Ng5 Bd5 5.e4 Bc6 6.Qf3 Nf6 7.Bxc4 e6 8.d3 h6
9.Qh3 hxg5 10.Qxh8 b5 11.Bb3 Qxd3 12.f3 Nxe4 13.Bd2 Nxd2 14.Nxd2 Na6 15.O-O-O
Nb4 16.Rhe1 Bd5 17.Ne4 Bxb3 18.Rxd3 Nxd3+ 19.Kd2 Nxe1 20.Kxe1 Bxa2 21.Qh5 Bc4
22.Qxg5 Rd8 23.h4 Bd5 24.g4 Be7 25.Qxg7 Bxh4+ 26.Kf1 Bxe4 27.fxe4 Be7 28.Qh8+
Bf8 29.Ke2 c5 30.g5 Rd4 31.Ke3 Rd6 32.b3 a5 33.Qa1 Ra6 34.Qf1 Rb6 35.Qa1 Ra6
36.Qf1 c4 37.bxc4 Bc5+ 38.Kd2 b4 39.Qf6 a4 40.Qe5 Ra5 41.Qc7 Be3+ 42.Kxe3 Rxg5
43.Qb8+ Kd7 44.Qxb4 a3 45.Kf4 f6 46.Qxa3 1-0